00670nam a22002057a 45000010005000000030009000050050017000140080041000310400038000720820024001102450088001342600044002223000022002665040041002885050012003296500043003417000024003847000028004087100028004369573BD-DhUAP20200217121852.0200217s1991 bg b 00| 0 eng d aBD-DhUAPcBD-DhUAPbEngdBD-DhUAP00223a348.5492046 BAN aBangladesh legal decisions /cedited by Mr. Sultan Ahmad and A. T. M. Kamrul Islam. aDhaka :bBangladesh Bar Council,c1991. avolumes ;c24 cm. aIncludes bibliographical references. aV. 11-- aLaw reports, digests, etczBangladesh. aAhmad, Mr. Sultan. aIslam, A. T. M. Kamrul. aBangladesh Bar Council.